| 000 | 00434cam a2200157ua 4500 | ||
|---|---|---|---|
| 041 |
_amal _h |
||
| 082 |
_a894.812 308 _bSIV/AV |
||
| 100 | _aSivasankara Pillai, Thakazhi. | ||
| 245 |
_aAvante smaranakal / _cThakazhi Sivasankara Pillai. _hTextual Documents |
||
| 250 |
_a1 / _b. |
||
| 260 |
_aKottayam : _bSahitya Pravarthaka Co-operative Society , _c1963. |
||
| 300 | _a148 ; . | ||
| 504 | _a | ||
| 942 | _cBK | ||
| 999 |
_c6608 _d6608 |
||